| 000 -LEADER |
| fixed length control field |
04064cam a22004938i 4500 |
| 001 - CONTROL NUMBER |
| control field |
21697593 |
| 003 - CONTROL NUMBER IDENTIFIER |
| control field |
NUST |
| 005 - DATE AND TIME OF LATEST TRANSACTION |
| control field |
20220825155346.0 |
| 006 - FIXED-LENGTH DATA ELEMENTS--ADDITIONAL MATERIAL CHARACTERISTICS |
| fixed length control field |
m |o d | |
| 007 - PHYSICAL DESCRIPTION FIXED FIELD--GENERAL INFORMATION |
| fixed length control field |
cr ||||||||||| |
| 008 - FIXED-LENGTH DATA ELEMENTS--GENERAL INFORMATION |
| fixed length control field |
200825s2021 nyu ob 001 0 eng |
| 010 ## - LIBRARY OF CONGRESS CONTROL NUMBER |
| LC control number |
2020038705 |
| 020 ## - INTERNATIONAL STANDARD BOOK NUMBER |
| International Standard Book Number |
9780231549264 |
| Qualifying information |
(ebook) |
| 020 ## - INTERNATIONAL STANDARD BOOK NUMBER |
| Canceled/invalid ISBN |
9780231191128 |
| Qualifying information |
(hardback) |
| 020 ## - INTERNATIONAL STANDARD BOOK NUMBER |
| Canceled/invalid ISBN |
9780231191135 |
| Qualifying information |
(trade paperback) |
| 038 ## - RECORD CONTENT LICENSOR |
| Staff Name |
Azhar |
| 040 ## - CATALOGING SOURCE |
| Original cataloging agency |
DLC |
| Language of cataloging |
eng |
| Transcribing agency |
DLC |
| Description conventions |
rda |
| 042 ## - AUTHENTICATION CODE |
| Authentication code |
pcc |
| 043 ## - GEOGRAPHIC AREA CODE |
| Geographic area code |
n-us-sc |
| 050 00 - LIBRARY OF CONGRESS CALL NUMBER |
| Classification number |
E445.S7 |
| 082 00 - DEWEY DECIMAL CLASSIFICATION NUMBER |
| Classification number |
306.36209757 |
| Edition number |
23 |
| Author Mark |
HIL |
| 100 1# - MAIN ENTRY--PERSONAL NAME |
| Personal name |
Hill Edwards, Justene, |
| Relator term |
author. |
| 9 (RLIN) |
96616 |
| 245 10 - TITLE STATEMENT |
| Title |
Unfree markets : |
| Remainder of title |
the slaves' economy and the rise of capitalism in South Carolina |
| Statement of responsibility, etc. |
Justene Hill Edwards. |
| 260 ## - PUBLICATION, DISTRIBUTION, ETC. |
| Place of publication, distribution, etc. |
New York : |
| Name of publisher, distributor, etc. |
Columbia University Press, |
| Date of publication, distribution, etc. |
2021 |
| 263 ## - PROJECTED PUBLICATION DATE |
| Projected publication date |
2104 |
| 300 ## - PHYSICAL DESCRIPTION |
| Extent |
269p |
| 336 ## - CONTENT TYPE |
| Content type term |
text |
| Content type code |
txt |
| Source |
rdacontent |
| 337 ## - MEDIA TYPE |
| Media type term |
computer |
| Media type code |
c |
| Source |
rdamedia |
| 338 ## - CARRIER TYPE |
| Carrier type term |
online resource |
| Carrier type code |
cr |
| Source |
rdacarrier |
| 490 1# - SERIES STATEMENT |
| Series statement |
Columbia studies in the history of U.S. capitalism |
| 504 ## - BIBLIOGRAPHY, ETC. NOTE |
| Bibliography, etc. note |
Includes bibliographical references and index. |
| 505 0# - FORMATTED CONTENTS NOTE |
| Formatted contents note |
Introduction: Capitalism in the Economic Lives of Enslaved People -- "Negroes Publickly Cabaling in the Streets": The Enslaved Economy and the Culture of Slavery in Colonial South Carolina -- "This Infamous Traffick": Revolution in the Economic Lives of the Enslaved -- "A Dangerous and Growing Practice": Enslaved Entrepreneurship and the Cotton Economy in the Early-National Era -- "The Facility of Obtaining Money": Violence, Fear, and Accumulation in the Vesey Era -- "The Negroes' Accounts": Capitalist Influences in the Slaves' Economy -- "A Monstrous Nuisance": Enslaved Enterprises, Class Anxieties, and the Coming of the Civil War -- Conclusion: "Freedom Ain't Nothin": Capitalism and Freedom in the Shadow of Slavery. |
| 520 ## - SUMMARY, ETC. |
| Summary, etc. |
"Centering the slaves' economy in the rapid growth of capitalist enterprise in the eighteenth- and nineteenth-century American South, Justene Hill Edwards explores the detrimental influence of capitalist innovation on slaves' economic pursuits in South Carolina, the most pro-slavery state in America. Examining the strategies enslaved people used to make money and obtain goods for themselves, and one of the fullest accounts to date of slaves' market practices, Edwards argues that the slaves' economy helped to fuel South Carolina's economic growth--which meant a continuation of the violent and exploitative regime that shaped slave's lives. Enslaved peoples' slow loss of economic autonomy coincided with the capitalist evolution of slavery. Edwards starts by looking at the economic activity of slaves during colonial era South Carolina, considering how they navigated the laws and institutions of slavery in trading with both free and enslaved people. She looks at how the social unrest of the American Revolution provided opportunity for increased trade, and explores the growing autonomy enslaved people saw in trade, often formalized through the courts. However, as the plantations turned their attention to increased profitability, plantation owners increasingly looked to their slave's economic activity as an source of profit. So began the erosion of economic autonomy, as the gains from trade were increasingly captured by slave owners"-- |
| Assigning source |
Provided by publisher. |
| 588 ## - SOURCE OF DESCRIPTION NOTE |
| Source of description note |
Description based on print version record and CIP data provided by publisher; resource not viewed. |
| 650 #0 - SUBJECT ADDED ENTRY--TOPICAL TERM |
| Topical term or geographic name entry element |
Slaves |
| Geographic subdivision |
South Carolina |
| General subdivision |
Economic conditions. |
| 9 (RLIN) |
96617 |
| 650 #0 - SUBJECT ADDED ENTRY--TOPICAL TERM |
| Topical term or geographic name entry element |
Capitalism |
| Geographic subdivision |
South Carolina |
| General subdivision |
History. |
| 9 (RLIN) |
96618 |
| 651 #0 - SUBJECT ADDED ENTRY--GEOGRAPHIC NAME |
| Geographic name |
South Carolina |
| General subdivision |
Economic conditions |
| Chronological subdivision |
18th century. |
| 9 (RLIN) |
96619 |
| 651 #0 - SUBJECT ADDED ENTRY--GEOGRAPHIC NAME |
| Geographic name |
South Carolina |
| General subdivision |
Economic conditions |
| Chronological subdivision |
19th century. |
| 9 (RLIN) |
96620 |
| 776 08 - ADDITIONAL PHYSICAL FORM ENTRY |
| Relationship information |
Print version: |
| Main entry heading |
Hill Edwards, Justene. |
| Title |
Unfree markets |
| Place, publisher, and date of publication |
New York : Columbia University Press, [2021] |
| International Standard Book Number |
9780231191128 |
| Record control number |
(DLC) 2020038704 |
| 830 #0 - SERIES ADDED ENTRY--UNIFORM TITLE |
| Uniform title |
Columbia studies in the history of U.S. capitalism. |
| 9 (RLIN) |
93666 |
| 906 ## - LOCAL DATA ELEMENT F, LDF (RLIN) |
| a |
7 |
| b |
cbc |
| c |
orignew |
| d |
1 |
| e |
ecip |
| f |
20 |
| g |
y-gencatlg |
| 942 ## - ADDED ENTRY ELEMENTS (KOHA) |
| Source of classification or shelving scheme |
|
| Koha item type |
Lincoln Corner |